Notable People on Epstein Files - Sudden Death - Statistics

General Stats
  • This quiz has been taken 1,737 times
  • The average score is 5 of 15
Answers on the Grid
Answers color-coded by a green-red scale on the quiz's grid according to % correct below.
Drake
Prince Andrew
Macaulay Culkin
Bill Gates
Donald Trump
Diddy
Elon Musk
Michael Jordan
Stephen Hawking
Michael Jackson
Diana Ross
Joe Biden
Madonna
Mark Zuckerberg
Mark Carney
Larry Page
Mick Jaggar
Ehud Barak
Dana White
Will Smith
Chris Tucker
Jay-Z
Robert Mugabe
Neil Armstrong
Barack Obama
Bill Nye
Mike Tyson
Bill Clinton
 
Answer Stats
Answer % Correct
Donald Trump
78%
Prince Andrew
69%
Bill Gates
67%
Stephen Hawking
55%
Elon Musk
48%
Bill Clinton
38%
Michael Jackson
35%
Mark Zuckerberg
19%
Jay-Z
16%
Mick Jaggar
14%
Chris Tucker
9%
Diana Ross
7%
Ehud Barak
7%
Mark Carney
5%
Robert Mugabe
3%
No matching quizzes found
Score Distribution
Percent of People with Each Score
Percentile by Number Answered
Your Score History
You have not taken this quiz